ჰომეროსის სამყარო / (ბიბ.ჩანაწერი № 53028)
[ მარტივი ფორმატი ]
| 000 -ლიდერი | |
|---|---|
| ფიქსირებული სიგრძის საკონტროლო ველი | 00974nam a2200229Ia 4500 |
| 001 - საკონტროლო ნომერი | |
| საკონტროლო ველი | 20062 |
| 003 - საკონტროლო ნომრის იდენტიფიკატორი | |
| საკონტროლო ველი | GE_BSU |
| 005 - ბოლო ოპერაციის თარიღი და დრო | |
| საკონტროლო ველი | 20230607122751.0 |
| 008 - ფიქსირებული სიგრძის მონაცემთა ელემენტები - ზოგადი ინფორმაცია | |
| ფიქსირებული სიგრძის საკონტროლო ველი | 181216s1988ge xx |||||||||||||| ||geo|| |
| 040 ## - კატალოგიზაციის წყარო | |
| Transcribing agency | GE_BSU |
| 041 ## - ენის კოდი | |
| Language code of text/sound track or separate title | geo |
| 080 ## - უნივერსალური ათობითი კლასიფიკაციის ინდექსი | |
| Universal Decimal Classification number | 821.14'01(092) მ-68 |
| 100 ## - მთავარი ჩანაწერი - პიროვნების სახელი | |
| Personal name | მიმინოშვილი, რ. (რომან) |
| 9 (RLIN) | 18537 |
| 245 ## - ცნობა სათაურის შესახებ | |
| Title | ჰომეროსის სამყარო / |
| Statement of responsibility, etc | რ. (რომან) მიმინოშვილი, რედ. ნიმა ანთელავა |
| 250 ## - გამოცემის ცნობა | |
| Edition statement | I-ლი გამოცემა |
| 264 ## - წარმოების, გამოცემის, დისტრიბუციის და სხვა ცნობები | |
| გამოცემის, წარმოების, დისტრიბუციის... ადგილი | თბილისი : |
| გამოცემის, წარმოების, დისტრიბუციის... სახელწოდება | ნაკადული, |
| გამოცემის, წარმოების, დისტრიბუციის... თარიღი | 1988. |
| 300 ## - ფიზიკური აღწერა | |
| Extent | 278 გვ. ; |
| Other physical details | 20 სმ. |
| 653 ## - INDEX TERM--UNCONTROLLED | |
| Uncontrolled term | ჰომეროსი; ძველი ბერძნული ლიტერატურა |
| 653 ## - INDEX TERM--UNCONTROLLED | |
| Uncontrolled term | ჰომეროსის სამყარო |
| 700 ## - ADDED ENTRY--PERSONAL NAME | |
| Personal name | ანთელავა, ნიმა |
| Relator term | რედაქტორი |
| 9 (RLIN) | 18538 |
| 942 ## - ADDED ENTRY ELEMENTS (KOHA) | |
| Koha item type | წიგნი |
| Source of classification or shelving scheme | |
| ჩამოწერის სტატუსი | დაკარგული ეგზემპლარის სტატუსი | კლასიფიკაციის წყარო ან თაროზე გაწყობის სქემა | დაზიანების სტატუსი | არ გაიცემა | მუდმივი მდებარეობა (დაცვის ადგილი) | ამჟამინდელი ადგილსამყოფელი | თაროზე განთავსების ადგილი | შეძენის თარიღი | ღირებულება, შესყიდვის ნორმალური ფასი | სრული შენახვის შიფრი | შტრიხკოდი | ბოლო ოპერაციის თარიღი | ეგზემპლარის მიმდევრობითი ნომერი (კეტერი?) | ფასის ძალაში შესვლის თარიღი | ეგზემპლარის სახეობა | საჯარო შენიშვნა | Uniform Resource Identifier |
|---|---|---|---|---|---|---|---|---|---|---|---|---|---|---|---|---|---|
| ბათუმის შოთა რუსთაველის სახელმწიფო უნივერსიტეტის მთავარი ბიბლიოთეკა | ბათუმის შოთა რუსთაველის სახელმწიფო უნივერსიტეტის მთავარი ბიბლიოთეკა | წიგნსაცავი | 2018-12-17 | 10.00 | 821.14'01(092) მ-68 | 27944 | 2018-12-17 | 27944 | 2018-12-17 | წიგნი | 10.00 | ||||||
| ბათუმის შოთა რუსთაველის სახელმწიფო უნივერსიტეტის მთავარი ბიბლიოთეკა | ბათუმის შოთა რუსთაველის სახელმწიფო უნივერსიტეტის მთავარი ბიბლიოთეკა | წიგნსაცავი | 2018-12-17 | 8.00 | 821.14'01(092) მ-68 | 00266 ქსეროქსი | 2018-12-17 | 00266 ქსეროქსი | 2018-12-17 | ქსეროასლი | 8ლ. 95თ. | ||||||
| ბათუმის შოთა რუსთაველის სახელმწიფო უნივერსიტეტის მთავარი ბიბლიოთეკა | ბათუმის შოთა რუსთაველის სახელმწიფო უნივერსიტეტის მთავარი ბიბლიოთეკა | წიგნსაცავი | 2018-12-17 | 8.00 | 821.14'01(092) მ-68 | 00265 ქსეროქსი | 2018-12-17 | 00265 ქსეროქსი | 2018-12-17 | ქსეროასლი | 8 ლ. 95თ. | ||||||
| ბათუმის შოთა რუსთაველის სახელმწიფო უნივერსიტეტის მთავარი ბიბლიოთეკა | ბათუმის შოთა რუსთაველის სახელმწიფო უნივერსიტეტის მთავარი ბიბლიოთეკა | წიგნსაცავი | 2018-12-17 | 8.00 | 821.14'01(092) მ-68 | 00264 ქსეროქსი | 2018-12-17 | 00264 ქსეროქსი | 2018-12-17 | ქსეროასლი | 8 ლ. 95თ. | ||||||
| ბათუმის შოთა რუსთაველის სახელმწიფო უნივერსიტეტის მთავარი ბიბლიოთეკა | ბათუმის შოთა რუსთაველის სახელმწიფო უნივერსიტეტის მთავარი ბიბლიოთეკა | წიგნსაცავი | 2018-12-17 | 821.14'01(092) მ-68 | 00515 ქსეროქსი | 2018-12-17 | 00515 ქსეროქსი | 2018-12-17 | ქსეროასლი | 8 ლ. 95თ. | |||||||
| ბათუმის შოთა რუსთაველის სახელმწიფო უნივერსიტეტის მთავარი ბიბლიოთეკა | ბათუმის შოთა რუსთაველის სახელმწიფო უნივერსიტეტის მთავარი ბიბლიოთეკა | წიგნსაცავი | 2023-06-07 | 10.00 | 821.14'01(092) მ-68 | 64555 | 2023-06-07 | 64555 | 2023-06-07 | წიგნი | 10.00 | ბსუ-ს საპატიო დოქტორის გურამ ლორთქიფანიძის საჩუქარი |
